LEADER 01076nam a2200277 a 4500 001 000000144666 003 CaOOAMICUS 005 20150707133328.0 008 150707s1982 it u000 u ita r 040 $aPUL$bita 100 1 $aRiches, Pierre.$0(OLS)http://pul/name/92754 245 10$aNote di catechismo per ignoranti colti /$cPierre Riches ; introduzione di Giorgio Manganelli. 250 $a3. ed. 260 $aMilano :$bArnoldo Mondadori,$c1982. 300 $a200 p. ;$c21 cm 490 1 $aSaggi 504 $aBibliografia in nota. 650 4$aCatechismo.$0(OLS)http://pul/subject/1485 700 1 $aManganelli, Giorgio.$0(OLS)http://pul/name/68513 830 0$aSaggi (Mondadori).$0(OLS)http://pul/title/26238 850 $aPUL 852 $aPUL$W1$xDP1 Fondo S. Lanza$y121$m3 I 14$j167020$qFondi$B167608$CPULBib$Z2$F167608 $HLan2280 $82 941 1 $a1 996 $6245$aNote di catechismo per ignoranti colti$9(OLS)http://pul/title/182997 996 $6260$aMilano :$bArnoldo Mondadori$9(OLS)http://pul/publisher/60431 LEADER 01188nam a2200289 a 4500 001 000000168085 003 CaOOAMICUS 005 20180607135709.0 008 180607s1994 it fa 000 u ita r 020 $a88-7023-200-X* 032 $aLibriCat 040 $aPUL$bita 100 1 $aPeracchi, Erasmo.$0(OLS)http://pul/name/108234 245 10$aAlessandro Butté nel movimento cattolico ambrosiano / $cErasmo Peracchi ; introduzione di Giorgio Rumi . 250 $aTerza edizione. 260 $aMilano :$bNED,$c©1994. 300 $aXVI, 348 p., [9] c. di tav. : $bill. ; $c23 cm. 504 $aBibliografia in nota a piè pagina. 600 14$aButte?, Alessandro.$0(OLS)http://pul/subject/45481 700 1 $aRumi, Giorgio.$0(OLS)http://pul/name/8313 850 $aPUL 852 $aPUL$W1$xDP1 Fondo Dalla Palma$y117$m4 B 19$j73051$qFondi$B195904$CPULBib$Z2$F195904 $HDal671 $81 941 1 $a1 996 $6020$a88-7023-200-X*$9(OLS)http://pul/number/164275 996 $6245$aAlessandro Butté nel movimento cattolico ambrosiano / $9(OLS)http://pul/title/208277 996 $6260$aMilano :$bNED$9(OLS)http://pul/publisher/68515